Wind of Change - Scorpions (full lyrics quiz) - Statistics

General Stats
  • This quiz has been taken 422 times
  • The average score is 176 of 218
Answer Stats
Lyrics % Correct
change
99%
of
99%
wind
99%
the
98%
The
98%
to
98%
a
96%
I
96%
me
92%
in
90%
In
90%
night
90%
Take
88%
Down
86%
down
86%
On
86%
follow
84%
moment
84%
glory
83%
Listening
83%
tomorrow
83%
An
82%
Park
82%
children
81%
magic
81%
so
81%
you
80%
dream
78%
by
77%
Where
77%
And
75%
and
75%
we
75%
be
73%
ever
73%
like
73%
Like
73%
Gorky
71%
passing
69%
summer
69%
That
69%
that
69%
brothers?
68%
away
67%
could
66%
for
66%
Can
65%
Moskva
65%
Soldiers
65%
feel
64%
is
64%
it
64%
with
64%
With
64%
close,
62%
did
62%
air
61%
time
61%
my
60%
think
60%
sing
59%
everywhere
57%
August
56%
Walking
56%
closing
55%
street
55%
forever
54%
memories
54%
world
54%
face
53%
guitar
53%
wants
53%
Distant
52%
Into
52%
blowing
51%
straight
51%
blows
50%
what
50%
your
50%
Are
48%
Let
48%
share
47%
future's
46%
their
46%
past
45%
dreams
44%
mind
44%
balalaika
43%
peace
41%
say
41%
will
41%
freedom
40%
bell
39%
buried
38%
storm
38%
ring
35%
I'm
29%
No matching quizzes found
Score Distribution
Percent of People with Each Score
Percentile by Number Answered
Your Score History
You have not taken this quiz